Cell biology, genetics, molecular biology, evolution and ecology (Record no. 1804)

MARC details
000 -LEADER
fixed length control field 00698 a2200205 4500
020 ## - INTERNATIONAL STANDARD BOOK NUMBER
International Standard Book Number 8121924421
Terms of availability 490.00
035 ## - SYSTEM CONTROL NUMBER
System control number B-210669
037 ## - SOURCE OF ACQUISITION
Source of stock number/acquisition RP-L-210 / UBH-07-08:2 / RP-07-08:ENG
082 14 - DEWEY DECIMAL CLASSIFICATION NUMBER
Classification number 574.87
090 ## - LOCALLY ASSIGNED LC-TYPE CALL NUMBER (OCLC); LOCAL CALL NUMBER (OCLC)
-- 1836
-- 1836
100 1# - MAIN ENTRY--PERSONAL NAME
Personal name Verma, P.S.
245 1# - TITLE STATEMENT
Title Cell biology, genetics, molecular biology, evolution and ecology
Statement of responsibility, etc by P.S. Verma
260 ## - PUBLICATION, DISTRIBUTION, ETC. (IMPRINT)
Place of publication, distribution, etc New Delhi
Name of publisher, distributor, etc S. Chand
Date of publication, distribution, etc 2007r
270 ## - ADDRESS
Address 7631, Ram Nagar,
City New Delhi
State or province Delhi
Postal code 110055
300 ## - PHYSICAL DESCRIPTION
Extent Various pagings
Other physical details ill
Dimensions 25 cm (pbk)
500 ## - GENERAL NOTE
General note include index
500 ## - GENERAL NOTE
General note This is reprint 2007
942 ## - ADDED ENTRY ELEMENTS (KOHA)
Institution code [OBSOLETE] dpl
Koha item type English Books
Call number prefix 574.87 / VER
Holdings
Withdrawn status Lost status Source of classification or shelving scheme Damaged status Not for loan Collection code Home library Current library Cost, normal purchase price Total Checkouts Full call number Barcode Date last seen Uniform Resource Identifier Cost, replacement price Price effective from Koha item type
    Dewey Decimal Classification     Non-fiction Central Library Central Library 490.00   574.87 VER B-210669 15/09/2008 1911 490.00 15/09/2008 English Books

© Delhi Public Library
Hit Counter
free hit counter